[Event "Al Ain Classic 2012"]
[Site "Al-Ain UAE"]
[Date "2012.12.22"]
[Round "1.1"]
[White "Miroshnichenko, Evgenij"]
[Black "Raes, A"]
[Result "1-0"]
[WhiteTitle "GM"]
[WhiteElo "2628"]
[BlackElo "2235"]
[WhiteFideId "14102595"]
[BlackFideId "7600801"]
[EventDate "2012.12.22"]

1. d4 Nf6 2. c4 e6 3. Nf3 d5 4. g3 Be7 5. Bg2 O-O 6. O-O dxc4 7. Qa4 Bd7 8. Qxc4
Bc6 9. Nc3 Nbd7 10. Rd1 h6 11. Qd3 Bb4 12. a3 Bxc3 13. Qxc3 Rc8 14. a4 Be4 15.
b4 Nd5 16. Qb3 Qe7 17. Ba3 Rfd8 18. Bf1 Bh7 19. Nd2 f5 20. Bg2 N7f6 21. e3 Qe8
22. b5 Kh8 23. Re1 c6 24. Nc4 cxb5 25. axb5 Rc7 26. Rac1 Rdc8 27. Nd6 Rxc1 28.
Bxc1 Qd7 29. Nxc8 Qxc8 30. Bd2 Bg6 31. Rc1 Qd7 32. Qc4 Kh7 33. Ra1 Ne4 34. Bb4
b6 35. Qc6 Be8 36. Qxd7 Bxd7 37. Rxa7 Bxb5 38. Bf8 Ndc3 39. Rxg7+ Kh8 40. h3
Ne2+ 41. Kh2 Nxf2 42. d5 exd5 43. Bxd5 Nd1 44. Rg6 1-0

[Event "Al Ain Classic 2012"]
[Site "Al-Ain UAE"]
[Date "2012.12.22"]
[Round "1.2"]
[White "Soozankar, A.M."]
[Black "Paragua, Mark"]
[Result "0-1"]
[WhiteTitle "FM"]
[BlackTitle "GM"]
[WhiteElo "2223"]
[BlackElo "2533"]
[WhiteFideId "12503029"]
[BlackFideId "5201241"]
[EventDate "2012.12.22"]

1. d4 Nf6 2. Nc3 c5 3. d5 d6 4. e4 g6 5. Nf3 Bg7 6. Nd2 O-O 7. Be2 Na6 8. O-O
Nc7 9. a4 b6 10. Nc4 Ba6 11. Bg5 h6 12. Bh4 Rb8 13. f4 Nh7 14. Ne3 Bxe2 15. Qxe2
a6 16. Nc4 Qd7 17. a5 bxa5 18. Rxa5 Nb5 19. Qd3 Qb7 20. Rfa1 Bd4+ 21. Kh1 Nf6
22. Nd1 Nh5 23. Qd2 e6 24. Rxa6 exd5 25. Rb6 Qd7 26. Rxb8 Rxb8 27. exd5 Qg4 28.
Bf2 Nxf4 29. Bxd4 cxd4 0-1

[Event "Al Ain Classic 2012"]
[Site "Al-Ain UAE"]
[Date "2012.12.22"]
[Round "1.3"]
[White "Kotanjian, Tigran"]
[Black "Ayyad, Husain"]
[Result "1-0"]
[WhiteTitle "GM"]
[BlackTitle "FM"]
[WhiteElo "2518"]
[BlackElo "2205"]
[WhiteFideId "13301250"]
[BlackFideId "11200243"]
[EventDate "2012.12.22"]

1. d4 Nf6 2. c4 e6 3. Nc3 Bb4 4. Qc2 b6 5. e4 Bb7 6. Bd3 Nc6 7. Nf3 d6 8. O-O
Bxc3 9. Qxc3 Ne7 10. e5 Nd7 11. Bc2 Ng6 12. Bg5 f6 13. exf6 gxf6 14. Bh6 Qe7 15.
Rfe1 O-O-O 16. a4 Rhg8 17. a5 Qf7 18. axb6 axb6 19. Be4 Bxe4 20. Rxe4 Kb7 21. b4
Ra8 22. Rae1 e5 23. c5 Qd5 24. dxe5 Ngxe5 25. Nxe5 Nxe5 26. g3 dxc5 27. bxc5
Qxc5 28. Qxc5 bxc5 29. Rc1 Rge8 30. Kg2 1-0

[Event "Al Ain Classic 2012"]
[Site "Al-Ain UAE"]
[Date "2012.12.22"]
[Round "1.4"]
[White "Zabeib, Mohamed"]
[Black "Grigoryan, Karen H."]
[Result "0-1"]
[BlackTitle "IM"]
[WhiteElo "2158"]
[BlackElo "2513"]
[WhiteFideId "10607617"]
[BlackFideId "13301004"]
[EventDate "2012.12.22"]

1. Nf3 d5 2. g3 Bg4 3. Ne5 Bf5 4. c4 Be4 5. f3 Bxb1 6. Rxb1 c6 7. Qb3 Nd7 8.
Nxd7 Qxd7 9. cxd5 cxd5 10. e4 a6 11. Bg2 dxe4 12. fxe4 e6 13. O-O Bc5+ 14. Kh1
Ne7 15. Qc4 Bd4 16. b4 O-O 17. Bb2 Bxb2 18. Rxb2 Rac8 19. Qb3 Nc6 20. a4 Ne5 21.
Qa2 Nd3 22. Rbb1 Qd4 23. h3 Rfd8 24. Qb3 Rc4 25. b5 a5 26. Kh2 b6 27. Rf3 Nc5
28. Qa2 Rxa4 29. Qc2 Qxd2 30. Rf2 Qxc2 31. Rxc2 Rb4 0-1

[Event "Al Ain Classic 2012"]
[Site "Al-Ain UAE"]
[Date "2012.12.22"]
[Round "1.5"]
[White "Bakre, Tejas"]
[Black "Enkhtuul, Altanulzii"]
[Result "1-0"]
[WhiteTitle "GM"]
[BlackTitle "WIM"]
[WhiteElo "2492"]
[BlackElo "2153"]
[WhiteFideId "5004195"]
[BlackFideId "4901444"]
[EventDate "2012.12.22"]

1. c4 Nf6 2. Nc3 e6 3. e4 d5 4. e5 d4 5. exf6 dxc3 6. bxc3 Qxf6 7. Nf3 Bd6 8. d4
h6 9. c5 Be7 10. Ne5 Nd7 11. Ng4 Qg6 12. Bd3 f5 13. Ne3 Qf6 14. Qb3 c6 15. O-O
b6 16. Bc4 bxc5 17. Bxe6 cxd4 18. Bxd7+ Bxd7 19. cxd4 f4 20. Nc4 f3 21. Re1 fxg2
22. Rxe7+ Qxe7 23. Ba3 Qe6 24. Qc3 Kf7 25. Re1 Qd5 26. Re5 Be6 27. Rxd5 Bxd5 28.
Ne5+ Kg8 29. Nxc6 Kh7 30. Ne7 Bf7 31. Qf3 Rhf8 32. Ng6 Bxg6 33. Bxf8 1-0

[Event "Al Ain Classic 2012"]
[Site "Al-Ain UAE"]
[Date "2012.12.22"]
[Round "1.6"]
[White "Tabatabaei, M.amin"]
[Black "Mammadov, Zaur"]
[Result "1-0"]
[WhiteTitle "FM"]
[BlackTitle "IM"]
[WhiteElo "2134"]
[BlackElo "2459"]
[WhiteFideId "12521213"]
[BlackFideId "13401033"]
[EventDate "2012.12.22"]

1. d4 Nf6 2. c4 e6 3. Nc3 Bb4 4. e3 d5 5. Bd3 O-O 6. Nf3 c5 7. O-O cxd4 8. exd4
dxc4 9. Bxc4 Nc6 10. Bg5 Be7 11. a3 h6 12. Bh4 Qa5 13. Qe2 a6 14. Rad1 b5 15.
Bb3 b4 16. Ne4 Nd5 17. Bxe7 Ncxe7 18. axb4 Qxb4 19. Nc5 Bb7 20. Ne5 Nf4 21. Qg4
Ned5 22. Bxd5 Nxd5 23. Ned7 Rfe8 24. Rd3 Bc8 25. Rg3 g6 26. Ne5 h5 27. Qxh5 Nf4
28. Qf3 Qxd4 29. Ncd3 Rb8 30. Nxf4 Bb7 31. Qe3 Qxe3 32. Rxe3 Red8 33. Rb3 Be4
34. Rxb8 Rxb8 35. Nd7 Rb4 36. Nf6+ Kg7 37. Nxe4 Rxe4 38. Nd3 Rd4 39. Rd1 1-0

[Event "Al Ain Classic 2012"]
[Site "Al-Ain UAE"]
[Date "2012.12.22"]
[Round "1.7"]
[White "Dimakiling, Oliver"]
[Black "Nesterovskaya, Anzhelika"]
[Result "1-0"]
[WhiteTitle "IM"]
[BlackTitle "WF"]
[WhiteElo "2453"]
[BlackElo "2133"]
[WhiteFideId "5202248"]
[BlackFideId "14114895"]
[EventDate "2012.12.22"]

1. c4 Nf6 2. Nc3 g6 3. g3 Bg7 4. Bg2 O-O 5. d4 d6 6. e4 c5 7. Nge2 Nc6 8. d5 Ne5
9. b3 Bg4 10. h3 Bf3 11. O-O Nfd7 12. Be3 Qa5 13. Rc1 a6 14. a4 Rad8 15. Qc2 h6
16. g4 e6 17. Ng3 Kh7 18. Rfe1 Rfe8 19. g5 exd5 20. Nxd5 Rb8 21. gxh6 Bh8 22.
Bd2 Qd8 23. a5 Nf8 24. Bc3 Bxg2 25. Kxg2 Ne6 26. f4 Nc6 27. Bxh8 Rxh8 28. Qb2
Kxh6 29. Rf1 Qh4 30. Rcd1 Rbg8 31. Rd3 Ncd4 32. b4 f5 33. bxc5 dxc5 34. Kh2 Rh7
35. Rc3 g5 36. Nxf5+ Nxf5 37. exf5 Nd4 38. Qb6+ Nc6 39. Qxc5 gxf4 40. Qd6+ Kg7
41. Rg1+ 1-0

[Event "Al Ain Classic 2012"]
[Site "Al-Ain UAE"]
[Date "2012.12.22"]
[Round "1.8"]
[White "Ihsan, Jawad"]
[Black "Abdel Razik, Khaled"]
[Result "0-1"]
[WhiteTitle "CM"]
[BlackTitle "IM"]
[WhiteElo "2126"]
[BlackElo "2448"]
[WhiteFideId "11500263"]
[BlackFideId "10601104"]
[EventDate "2012.12.22"]

1. d4 Nf6 2. Nf3 c5 3. dxc5 Na6 4. g3 Nxc5 5. Bg2 d5 6. O-O Bf5 7. Be3 Rc8 8. c4
e6 9. Nc3 dxc4 10. Qxd8+ Rxd8 11. Ne5 Ng4 12. Nxc4 Nxe3 13. Nxe3 Bg6 14. b4 Nd7
15. a3 Rb8 16. Rfd1 a6 17. Rac1 a5 18. bxa5 Bxa3 19. Rb1 Bxb1 20. Rxb1 Ke7 21.
Bxb7 Nc5 22. a6 Nxb7 23. axb7 Bd6 24. Nc4 Bc7 25. e4 Kd7 26. e5 Kc6 27. Ne4 Rxb7
28. Rc1 Kd5 29. Ncd6 Bxd6 30. Nxd6 Ra7 31. f4 Rb8 32. Rd1+ Kc5 33. Rd2 Rb4 34.
Ne8 g6 35. Nd6 Rba4 36. Kg2 Ra2 37. Rxa2 Rxa2+ 38. Kh3 f5 39. Nf7 Kd5 40. Ng5 h6
41. Nf7 Ra7 42. Nd6 g5 43. Ne8 gxf4 0-1

[Event "Al Ain Classic 2012"]
[Site "Al-Ain UAE"]
[Date "2012.12.22"]
[Round "1.9"]
[White "Raetsky, Alexander"]
[Black "Molina, Antonio"]
[Result "1-0"]
[WhiteTitle "GM"]
[BlackTitle "FM"]
[WhiteElo "2427"]
[BlackElo "2099"]
[WhiteFideId "4103203"]
[BlackFideId "5201365"]
[EventDate "2012.12.22"]

1. e4 c5 2. Nf3 d6 3. d4 cxd4 4. Qxd4 Bd7 5. c4 Nc6 6. Qe3 Nf6 7. h3 g6 8. Be2
Bg7 9. O-O O-O 10. Nc3 Rc8 11. Rd1 Qa5 12. Rb1 Rfd8 13. a3 Qc7 14. b4 Qb8 15.
Bb2 Ne5 16. Nd2 Be6 17. Nd5 Bxd5 18. cxd5 Ned7 19. Nc4 Ne8 20. Bxg7 Kxg7 21. f4
f6 22. Rbc1 b6 23. Nd2 Rxc1 24. Rxc1 Rc8 25. Nb3 Rxc1+ 26. Qxc1 Qc7 27. Qd2 Nf8
28. Nd4 Kf7 29. Bb5 Ng7 30. Bc6 a6 31. a4 Nh5 32. Kh2 Qa7 33. g4 Ng7 34. a5 b5
35. Kg2 h5 36. Qf2 Qc7 37. f5 hxg4 38. hxg4 g5 39. Ne6 Nfxe6 40. dxe6+ Kf8 41.
Qb6 Nxe6 42. fxe6 Qc8 43. Bd5 Qc2+ 44. Qf2 Qd1 45. Kg3 Qa1 46. Qc2 Qg1+ 47. Kf3
Qf1+ 48. Ke3 Qe1+ 49. Kd3 Qf1+ 50. Kc3 Qa1+ 51. Qb2 Qe1+ 52. Qd2 Qg3+ 53. Kb2
Qxg4 54. Bb7 Qxe6 55. Bxa6 Qxe4 56. Bc8 Qe5+ 57. Ka2 1-0

[Event "Al Ain Classic 2012"]
[Site "Al-Ain UAE"]
[Date "2012.12.22"]
[Round "1.10"]
[White "Ibrayev, Nurlan"]
[Black "Sameir, Ramez"]
[Result "1-0"]
[WhiteTitle "GM"]
[WhiteElo "2406"]
[BlackElo "2068"]
[WhiteFideId "13700650"]
[BlackFideId "10606017"]
[EventDate "2012.12.22"]

1. e4 e6 2. d4 d5 3. Nd2 Nf6 4. e5 Nfd7 5. f4 c5 6. c3 Nc6 7. Ndf3 Rb8 8. Bd3 b5
9. Ne2 Qb6 10. O-O b4 11. Kh1 g6 12. Be3 Ba6 13. g4 bxc3 14. bxc3 Bxd3 15. Qxd3
cxd4 16. cxd4 Qb5 17. Qxb5 Rxb5 18. f5 Be7 19. Rfc1 Rb6 20. Nf4 O-O 21. Kg2 Ba3
22. Rc2 Re8 23. Rf1 Nf8 24. Ng5 Be7 25. Nxf7 Kxf7 26. fxe6+ Kg8 27. Nxd5 Nxe5
28. Nxe7+ Rxe7 29. Rxf8+ Kxf8 30. Bh6+ Rg7 31. dxe5 Rxe6 32. Rc7 Re7 33. Rxe7 1-0

[Event "Al Ain Classic 2012"]
[Site "Al-Ain UAE"]
[Date "2012.12.22"]
[Round "1.11"]
[White "Bennett, John M"]
[Black "Abdulov, Orkhan"]
[Result "0-1"]
[BlackTitle "IM"]
[WhiteElo "2066"]
[BlackElo "2387"]
[WhiteFideId "403261"]
[BlackFideId "13402714"]
[EventDate "2012.12.22"]

1. d4 d6 2. e4 g6 3. c4 Bg7 4. Nc3 Nd7 5. Be3 c5 6. Nge2 Ngf6 7. f3 O-O 8. Qd2
cxd4 9. Nxd4 Ne5 10. Be2 Bd7 11. Rc1 Rc8 12. b3 Re8 13. O-O Qa5 14. Rfd1 Nc6 15.
Bf1 a6 16. Qf2 Nxd4 17. Bxd4 b5 18. Nd5 Nxd5 19. exd5 Bxd4 20. Rxd4 bxc4 21.
Bxc4 Bb5 22. h3 Bxc4 23. bxc4 Rb8 24. c5 dxc5 25. Rdc4 Rec8 26. Qxc5 Qd2 27.
Qxe7 Re8 28. Qd7 Re2 29. Rc8+ Kg7 0-1

[Event "Al Ain Classic 2012"]
[Site "Al-Ain UAE"]
[Date "2012.12.22"]
[Round "1.12"]
[White "Moosavian, S.Hamed"]
[Black "Khadzh Khamed, Naser"]
[Result "1-0"]
[WhiteTitle "IM"]
[WhiteElo "2377"]
[BlackElo "2021"]
[WhiteFideId "12501930"]
[BlackFideId "14118920"]
[EventDate "2012.12.22"]

1. e4 c5 2. Nf3 g6 3. c4 Bg7 4. d4 cxd4 5. Nxd4 Nc6 6. Be3 Nf6 7. Nc3 d6 8. Be2
O-O 9. O-O Bd7 10. f3 Nxd4 11. Bxd4 Bc6 12. b4 b6 13. Nd5 e5 14. Nxf6+ Qxf6 15.
Be3 Rfc8 16. a4 Qe6 17. a5 Rab8 18. b5 Ba8 19. axb6 axb6 20. Ra6 f5 21. Bd3 Bf8
22. Bxb6 Bb7 23. Ba7 Bxa6 24. Bxb8 Bxb5 25. cxb5 Rxb8 26. exf5 gxf5 27. Qb1 f4
28. Bxh7+ Kh8 29. Rc1 d5 30. Bd3 Bc5+ 31. Kh1 Bd4 32. Qc2 Re8 33. Qc7 Qe7 34.
Qc6 e4 35. Qxd5 exd3 36. Qxd4+ Qe5 37. Qxd3 Re7 38. h3 Rc7 39. Qd8+ 1-0

[Event "Al Ain Classic 2012"]
[Site "Al-Ain UAE"]
[Date "2012.12.22"]
[Round "1.13"]
[White "Senador, Emmanuel"]
[Black "Abdalla, Sayed"]
[Result "1-0"]
[WhiteTitle "IM"]
[WhiteElo "2352"]
[BlackElo "2009"]
[WhiteFideId "5200601"]
[BlackFideId "10619640"]
[EventDate "2012.12.22"]

1. e4 e6 2. d3 d5 3. Nd2 c5 4. g3 g6 5. Bg2 Bg7 6. f4 Ne7 7. Ngf3 Nbc6 8. O-O b5
9. Kh1 a5 10. c3 Ra7 11. Nb3 Qb6 12. Be3 d4 13. cxd4 cxd4 14. Bf2 a4 15. Nc1 Rc7
16. Ne2 Ba6 17. Rc1 O-O 18. Nexd4 Nxd4 19. Rxc7 Qxc7 20. Nxd4 Rd8 21. e5 Nd5 22.
Qd2 Bf8 23. Rc1 Qd7 24. h4 a3 25. bxa3 Bxa3 26. Rc2 b4 27. Nb3 Qb5 28. Nc5 Bc8
29. h5 Ne7 30. Kh2 Nd5 31. f5 exf5 32. e6 Bxe6 33. Nxe6 fxe6 34. hxg6 Nf6 35.
Qg5 Ng4+ 36. Kg1 Qxd3 37. Rc7 Rd7 38. Rc8+ Kg7 39. gxh7+ Kxh7 40. Qg8+ Kh6 41.
Qxe6+ Kh7 42. Qg8+ Kh6 43. Rc6+ Rd6 44. Qf8+ Kg5 45. Rxd6 Qb1+ 46. Bf1 Ne5 47.
Qg8+ 1-0

[Event "Al Ain Classic 2012"]
[Site "Al-Ain UAE"]
[Date "2012.12.22"]
[Round "1.14"]
[White "Nassajtorshizi, Amirmorteza"]
[Black "Hassan, Sayed Barakat"]
[Result "0-1"]
[BlackTitle "IM"]
[WhiteElo "1999"]
[BlackElo "2347"]
[WhiteFideId "12511242"]
[BlackFideId "10600299"]
[EventDate "2012.12.22"]

1. d4 Nf6 2. Nf3 g6 3. c4 Bg7 4. Nc3 O-O 5. e4 d6 6. Be2 Bg4 7. O-O Nbd7 8. h3
Bxf3 9. Bxf3 e5 10. d5 Ne8 11. b4 f5 12. a4 a5 13. Ba3 Nef6 14. Re1 f4 15. bxa5
Rxa5 16. Rb1 b6 17. Bb4 Ra8 18. Ra1 h5 19. a5 bxa5 20. Bxa5 Nc5 21. Ra3 Rf7 22.
Bb4 Rxa3 23. Bxa3 Bf8 24. Nb5 Rh7 25. Na7 Nfd7 26. Nb5 Nf6 27. Bxc5 dxc5 28. Na7
g5 29. Nc6 Qe8 30. Qa1 Bd6 31. Rb1 Nd7 32. Qa7 Rg7 33. Nb8 Nb6 34. Nc6 g4 35.
hxg4 hxg4 36. Bd1 Qg6 37. Qb8+ Kh7 38. Bc2 g3 39. f3 Qh6 0-1

[Event "Al Ain Classic 2012"]
[Site "Al-Ain UAE"]
[Date "2012.12.22"]
[Round "1.15"]
[White "Manakova, Maria"]
[Black "Bharat, Vijay"]
[Result "1-0"]
[WhiteTitle "WGM"]
[WhiteElo "2338"]
[BlackElo "1961"]
[WhiteFideId "927007"]
[BlackFideId "5032784"]
[EventDate "2012.12.22"]

1. e4 c5 2. Nf3 d6 3. d4 cxd4 4. Nxd4 Nf6 5. Nc3 g6 6. Be3 Bg7 7. f3 Nc6 8. Qd2
O-O 9. g4 Be6 10. Nxe6 fxe6 11. Be2 Rc8 12. O-O a6 13. Bc4 Qd7 14. Na4 Ne5 15.
Bb3 Rc4 16. Nb6 Qc6 17. Nxc4 Nxc4 18. Bxc4 Qxc4 19. Qd3 Qc6 20. c4 Nd7 21. Qe2
a5 22. Rac1 Nc5 23. Qd2 a4 24. Bd4 Ra8 25. Bxg7 Kxg7 26. h4 e5 27. Qd5 Qb6 28.
Rf2 Ra5 29. Rd1 Qc7 30. f4 Nd7 31. Qd3 exf4 32. Rxf4 Ne5 33. Qc3 Rc5 34. Rdf1
Qc8 35. Rf7+ Kg8 36. Rf8+ Qxf8 37. Rxf8+ Kxf8 38. Qb4 Rxc4 39. Qxb7 Rc1+ 40. Kf2
Nxg4+ 41. Ke2 Ne5 42. Qa8+ Kf7 43. Qxa4 Rc4 44. Qb3 Kf6 45. Qb7 Nc6 46. b3 Rc1
47. Kd2 Rc5 48. a4 Nd4 49. b4 Nb3+ 50. Kd3 Nc1+ 51. Ke3 Rc2 52. a5 Re2+ 53. Kf3
Ra2 54. a6 Nd3 55. a7 Ne5+ 56. Ke3 1-0

[Event "Al Ain Classic 2012"]
[Site "Al-Ain UAE"]
[Date "2012.12.22"]
[Round "1.16"]
[White "Magdy, Kassem"]
[Black "Arjun, Bharat"]
[Result "0-1"]
[BlackTitle "CM"]
[WhiteElo "1956"]
[BlackElo "2295"]
[WhiteFideId "10618791"]
[BlackFideId "5032725"]
[EventDate "2012.12.22"]

1. d4 d5 2. Nf3 Nf6 3. g3 c6 4. Bg2 Bf5 5. O-O e6 6. c4 Nbd7 7. Nc3 Be7 8. Nd2
O-O 9. e4 dxe4 10. Ndxe4 Nxe4 11. Nxe4 Nf6 12. Nxf6+ Bxf6 13. d5 cxd5 14. cxd5
Qb6 15. dxe6 Bxe6 16. Qf3 Bc4 17. Re1 Rfe8 18. Be3 Qxb2 19. Rab1 Qxa2 20. Rxb7
a5 21. h4 Red8 22. Qf5 Bd5 23. Rb5 Bxg2 24. Rxa5 Bh3 0-1

[Event "Al Ain Classic 2012"]
[Site "Al-Ain UAE"]
[Date "2012.12.22"]
[Round "1.17"]
[White "Soloviova, Liza"]
[Black "Saydaliev, Saidakbar"]
[Result "1-0"]
[WhiteTitle "WGM"]
[WhiteElo "2287"]
[BlackElo "1950"]
[WhiteFideId "14117665"]
[BlackFideId "14203693"]
[EventDate "2012.12.22"]

1. Nf3 Nf6 2. d3 d5 3. Nbd2 Bf5 4. c3 Nbd7 5. g3 e6 6. Bg2 Be7 7. O-O O-O 8. h3
h6 9. Ne1 e5 10. e4 dxe4 11. dxe4 Bh7 12. Qe2 Re8 13. Nd3 Nc5 14. Nxc5 Bxc5 15.
b4 Bf8 16. Bb2 c6 17. Rad1 Qc7 18. a3 a5 19. Nc4 b6 20. Qe3 c5 21. b5 Rad8 22.
Qe2 Qb7 23. f3 Nh5 24. Kh2 Qc7 25. f4 Rxd1 26. Rxd1 Nxg3 27. Kxg3 exf4+ 28. Kf2
f3 29. Bxf3 Qh2+ 30. Kf1 Qxh3+ 31. Qg2 Qe6 32. Rd5 f5 33. e5 Kh8 34. Qd2 Be7 35.
Nd6 Rf8 36. c4 f4 37. Qg2 g5 38. Qg4 Bg8 39. Qh5 Bh7 40. Bg4 Qg6 41. Qxg6 Bxg6
42. Nc8 Bd8 43. e6+ Bf6 44. e7 1-0

[Event "Al Ain Classic 2012"]
[Site "Al-Ain UAE"]
[Date "2012.12.22"]
[Round "1.19"]
[White "Yasseen, Aly"]
[Black "Abtini, Hasan"]
[Result "1-0"]
[WhiteTitle "IM"]
[WhiteElo "2280"]
[BlackElo "1935"]
[WhiteFideId "10600116"]
[BlackFideId "7601506"]
[EventDate "2012.12.22"]

1. e4 c5 2. Nf3 e6 3. d4 cxd4 4. Nxd4 a6 5. Nc3 Qc7 6. Bd3 Nf6 7. O-O Nc6 8. Be3
Ne5 9. h3 Bc5 10. Qd2 b5 11. f4 Qb6 12. Bxb5 Neg4 13. hxg4 Nxg4 14. Na4 Qxb5 15.
Nxb5 Bxe3+ 16. Qxe3 Nxe3 17. Nc7+ Ke7 18. Nxa8 Nxf1 19. Rxf1 Bb7 20. N8b6 Bxe4
21. c4 d6 22. c5 Bc6 23. Nc3 Rb8 24. b4 Kf6 25. a4 1-0

[Event "Al Ain Classic 2012"]
[Site "Al-Ain UAE"]
[Date "2012.12.22"]
[Round "1.20"]
[White "Asgarova, Turan"]
[Black "Mohamed, Tarek"]
[Result "0-1"]
[WhiteElo "1932"]
[BlackElo "2274"]
[WhiteFideId "13403451"]
[BlackFideId "10617981"]
[EventDate "2012.12.22"]

1. e4 c5 2. Nf3 d6 3. d4 cxd4 4. Nxd4 Nf6 5. Nc3 a6 6. Be2 e5 7. Nb3 Be7 8. O-O
O-O 9. a4 b6 10. f3 Bb7 11. Nd5 Nxd5 12. exd5 Nd7 13. c4 a5 14. Be3 Nc5 15. Nd2
Bc8 16. Nb1 f5 17. Nc3 Bg5 18. Bf2 h5 19. Rb1 h4 20. h3 Bd7 21. b4 axb4 22. Rxb4
Bf4 23. Qc2 Ra6 24. Rfb1 e4 25. Nb5 e3 26. Be1 Be5 27. Rd1 Bxb5 28. cxb5 Ra7 29.
Rxh4 g5 30. Rc4 Qf6 31. a5 bxa5 32. b6 Raa8 33. Rb1 a4 34. b7 Rab8 35. Rxc5 dxc5
36. Qxc5 Bd6 37. Qc6 Qe5 38. g3 a3 39. Qa6 Rf6 40. Rc1 Bb4 41. d6 Bxe1 42. f4
Bf2+ 43. Kf1 Qe4 44. Rc8+ Kg7 45. Bc4 Qf3 0-1

[Event "Al Ain Classic 2012"]
[Site "Al-Ain UAE"]
[Date "2012.12.22"]
[Round "1.21"]
[White "Mohannad, Farhan"]
[Black "Solomons, Anzel"]
[Result "1/2-1/2"]
[WhiteTitle "FM"]
[BlackTitle "WIM"]
[WhiteElo "2263"]
[BlackElo "1928"]
[WhiteFideId "8100918"]
[BlackFideId "14300800"]
[EventDate "2012.12.22"]

1. d4 d5 2. c4 c6 3. Nf3 Nf6 4. Nc3 dxc4 5. a4 e6 6. e3 c5 7. Bxc4 Nc6 8. O-O
cxd4 9. exd4 Nb4 10. Ne5 a6 11. f4 Bd6 12. Qe2 O-O 13. Kh1 Qc7 14. Rf3 b6 15.
Rh3 Bb7 16. Be3 Rac8 17. Bb3 h6 18. Rf1 Qe7 19. Bf2 Nfd5 20. Bh4 Qc7 21. Ne4 Be7
22. Bg3 Nc2 23. Nf3 Ncb4 24. Ne5 Nc2 25. Nf3 1/2-1/2

[Event "Al Ain Classic 2012"]
[Site "Al-Ain UAE"]
[Date "2012.12.22"]
[Round "1.22"]
[White "Karim, Ismael"]
[Black "Tarasova, Viktoriya"]
[Result "1/2-1/2"]
[WhiteTitle "IM"]
[BlackTitle "WIM"]
[WhiteElo "2383"]
[BlackElo "2254"]
[WhiteFideId "625736"]
[BlackFideId "4175840"]
[EventDate "2012.12.22"]

1. e4 e5 2. Nf3 Nc6 3. Nc3 Nf6 4. d4 exd4 5. Nxd4 Bb4 6. Nxc6 bxc6 7. Bd3 O-O 8.
O-O d5 9. exd5 cxd5 10. h3 Re8 11. Qf3 c6 12. Bg5 h6 13. Bf4 Bd6 14. Ne2 Ne4 15.
Rad1 Nc5 16. Nd4 Bxf4 17. Qxf4 Ne6 18. Nxe6 Bxe6 19. Rfe1 Qb8 20. Qxb8 Raxb8 21.
b3 a5 22. Re5 Bd7 23. Rde1 Rxe5 24. Rxe5 Re8 25. Rxe8+ Bxe8 26. c4 dxc4 27. Bxc4
Kf8 28. Kf1 Ke7 29. Ke2 Kd6 30. Kd3 f6 31. a3 Bg6+ 32. Kc3 c5 33. Kd2 1/2-1/2

[Event "Al Ain Classic 2012"]
[Site "Al-Ain UAE"]
[Date "2012.12.22"]
[Round "1.23"]
[White "El Ghazali, Youssef M."]
[Black "Tissir, Mohamed"]
[Result "0-1"]
[WhiteTitle "IM"]
[BlackTitle "IM"]
[WhiteElo "2244"]
[BlackElo "2411"]
[WhiteFideId "10600167"]
[BlackFideId "9000240"]
[EventDate "2012.12.22"]

1. Nf3 Nf6 2. g3 g6 3. Bg2 Bg7 4. O-O O-O 5. c4 d5 6. d4 dxc4 7. Na3 Nc6 8. Nxc4
Be6 9. b3 a5 10. Bb2 Bd5 11. Rc1 Ra6 12. Ne3 Be4 13. Ne5 Bxg2 14. Kxg2 a4 15.
Nxc6 bxc6 16. Nc4 axb3 17. axb3 Qd5+ 18. Kg1 Rb8 19. Qd3 Ra2 20. Ra1 Rxa1 21.
Rxa1 Qe6 22. Nd2 Nd5 23. Ba3 Qg4 24. e3 Ra8 25. Nc4 Qh5 26. Qd1 Qh3 27. Bc5 Rb8
28. b4 Qe6 29. Qb3 h5 30. Nd2 Qh3 31. e4 Nf6 32. Qf3 Nd7 33. e5 Nxc5 34. bxc5
Bh6 35. Rb1 Rd8 36. Nb3 Qe6 37. Kg2 h4 38. g4 Rb8 39. Nd2 Rxb1 40. Nxb1 Qc4 41.
Qe4 e6 42. h3 Bc1 43. Kf3 Qf1 44. Nc3 Qxh3+ 0-1

[Event "Al Ain Classic 2012"]
[Site "Al-Ain UAE"]
[Date "2012.12.22"]
[Round "1.24"]
[White "Hamdouchi, Adina-Maria"]
[Black "Sayed, Hussain"]
[Result "1-0"]
[WhiteTitle "WGM"]
[WhiteElo "2211"]
[BlackElo "1970"]
[WhiteFideId "1206435"]
[BlackFideId "10618830"]
[EventDate "2012.12.22"]

1. d4 Nf6 2. Nf3 d6 3. g3 g6 4. Bg2 Bg7 5. O-O O-O 6. Re1 d5 7. c4 c6 8. b3 Na6
9. Bb2 Ne4 10. Nfd2 f5 11. e3 Nb4 12. Bf1 a5 13. f3 Nc5 14. Bc3 Nd7 15. a3 Na6
16. b4 axb4 17. axb4 Nf6 18. b5 Nc7 19. b6 Na6 20. c5 Nd7 21. Nb3 e5 22. Bxa6
bxa6 23. Na5 Nxb6 24. cxb6 Qxb6 25. Qb3 Qc7 26. dxe5 Rb8 27. Qc2 c5 28. f4 Be6
29. Nd2 Rf7 30. Nf3 h6 31. Rec1 Rb5 32. Bd2 Bf8 33. Nd4 Rb6 34. Nxe6 Rxe6 35.
Nb3 g5 36. Nd4 Rg6 37. Nxf5 Qc6 38. Nd6 1-0

[Event "Al Ain Classic 2012"]
[Site "Al-Ain UAE"]
[Date "2012.12.22"]
[Round "1.25"]
[White "Amer, Mohammed Bishara"]
[Black "Bajarani, Ulvi"]
[Result "0-1"]
[BlackTitle "IM"]
[WhiteElo "1924"]
[BlackElo "2425"]
[WhiteFideId "12200719"]
[BlackFideId "13403028"]
[EventDate "2012.12.22"]

1. e4 c5 2. Nf3 d6 3. d4 cxd4 4. Nxd4 Nf6 5. Nc3 a6 6. Be2 e5 7. Nf3 Be7 8. h3
Nbd7 9. Be3 O-O 10. Bd3 b5 11. O-O Bb7 12. Nd2 Nc5 13. Bxc5 dxc5 14. b3 Qa5 15.
Nd5 Bxd5 16. exd5 Nxd5 17. Qh5 g6 18. Qf3 Nf4 19. Ne4 f5 20. Ng3 Qc7 21. Ne2
Nxe2+ 22. Bxe2 e4 23. Qe3 Bf6 24. c3 b4 25. Rad1 bxc3 26. Bc4+ Kg7 27. Qe2 a5
28. Bb5 Bd4 29. Qc4 Qe5 30. Kh1 f4 31. Bc6 Rad8 32. Rde1 e3 33. Bf3 Qg5 34. fxe3
fxe3 35. a3 Qg3 0-1

[Event "Al Ain Classic 2012"]
[Site "Al-Ain UAE"]
[Date "2012.12.22"]
[Round "1.26"]
[White "Ahmed, Fayez"]
[Black "Lodhi, Mahmood"]
[Result "0-1"]
[BlackTitle "IM"]
[WhiteElo "1959"]
[BlackElo "2353"]
[WhiteFideId "9300449"]
[BlackFideId "7800010"]
[EventDate "2012.12.22"]

1. e4 e5 2. Nf3 Nc6 3. Bc4 Bc5 4. c3 d6 5. O-O Nf6 6. d3 Bb6 7. a4 a5 8. h3 O-O
9. Bg5 h6 10. Be3 Ne7 11. Nbd2 Ng6 12. Re1 c6 13. Bb3 Bc7 14. Nf1 d5 15. Ng3 Be6
16. Bc2 Qd7 17. Kh2 Rad8 18. Rh1 Rfe8 19. b4 Qc8 20. Qc1 Nf4 21. Nh4 dxe4 22.
dxe4 g6 23. Qb2 Nh7 24. bxa5 Ng5 25. Kg1 Bxa5 26. Bb6 Bxb6 27. Qxb6 Rd2 28. Rc1
Qd8 29. Qe3 Rxc2 30. Kh2 Rxc1 31. Rxc1 Bc4 32. Nf3 Nxf3+ 33. Qxf3 Qd3 0-1